00895nam a22002537a 4500003000500000005001700005008004100022010001000063011001000073020001800083035001100101040000900112082001700121100004100138245015000179260006500329300002900394490005500423650001800478650002300496700003400519700003300553830005500586CHAP20240807091934.0100806s2007 mx r 00010 spa d a99019 a99991 a9789680204380 a110677 cCHAP04a574.192bG1610aGarcía Mateos, María del Rosario10aBioquimica vegetal :bauxiliares didácticosc/por María del Rosario García Mateos, Román Sánchez Carrillo y Claudia Hernández Miranda aChapingo, Méx. :bUACH. Deparamento de Fitotecnia,c[2007] a164 p. :bilus., cuadros 0aAuxiliares didácticos.ptemas didácticosv; 1614aBioquímica.14aQuímica vegetal.1 aHernández Miranda, Claudia.1 aSánchez Carrillo, Román. 0aAuxiliares didácticos.ptemas didácticosv; 16